ბათუმის შოთა რუსთაველის სახელმწიფო უნივერსიტეტის ბიბლიოთეკა

ახალი სახელები, გადატეხილი საჭრეთელი, მამელუკის ავტორი (ბიბ.ჩანაწერი № 41928)

000 -LEADER
fixed length control field 01179nam a2200229Ia 4500
001 - CONTROL NUMBER
control field 8612
003 - CONTROL NUMBER IDENTIFIER
control field GE_BSU
008 - FIXED-LENGTH DATA ELEMENTS--GENERAL INFORMATION
fixed length control field 181216s||||||||xx |||||||||||||| ||und||
040 ## - CATALOGING SOURCE
Transcribing agency GE_BSU
080 ## - UNIVERSAL DECIMAL CLASSIFICATION NUMBER
Universal Decimal Classification number 821.353.1.09
100 ## - MAIN ENTRY--PERSONAL NAME
Personal name თათარაშვილი, ბენო
245 ## - TITLE STATEMENT
Title ახალი სახელები, გადატეხილი საჭრეთელი, მამელუკის ავტორი
245 ## - TITLE STATEMENT
Remainder of title ნარკვევები, ფელეტონები, ჩანახატები, მოთხრობები
245 ## - TITLE STATEMENT
Statement of responsibility, etc. რედ: მ. ვარდოსანიძე, მხატვ.: გ. იაშვილი
260 ## - PUBLICATION, DISTRIBUTION, ETC.
Place of publication, distribution, etc. თბ.
260 ## - PUBLICATION, DISTRIBUTION, ETC.
Name of publisher, distributor, etc. საქართველოს კპ ცკ-ის გამ-ბა
260 ## - PUBLICATION, DISTRIBUTION, ETC.
Date of publication, distribution, etc. 1974
300 ## - PHYSICAL DESCRIPTION
Extent 558 გვ; 19 სმ.
653 ## - INDEX TERM--UNCONTROLLED
Uncontrolled term ახალი სახელები, გადატეხილი საჭრეთელი, მამელუკის ავტორი
653 ## - INDEX TERM--UNCONTROLLED
Uncontrolled term ნარკვევები, ფელეტონები, ჩანახატები, მოთხრობები
942 ## - ADDED ENTRY ELEMENTS (KOHA)
Koha item type წიგნი
ეგზემპლარები
Withdrawn status Lost status Damaged status Not for loan Date acquired Barcode Date last seen Price effective from Koha item type
        2018-12-17 30976 2018-12-17 2018-12-17 წიგნი
        2018-12-17 30977 2018-12-17 2018-12-17 წიგნი